Countries Visited by John F. Kennedy - Statistics

General Stats
  • This quiz has been taken 50 times
  • The average score is 9 of 12
Answers on the Map
Answers color-coded by a green-red scale on the quiz's map according to % correct below.
 
Answer Stats
Year(s) Answer % Correct
1961 Canada
100%
1962 Mexico
100%
1961 France
98%
1963(2) Germany
98%
1961(2),1962,1963 United Kingdom
98%
1963 Italy
95%
1963 Ireland
91%
1961 Austria
66%
1961 Colombia
50%
1963 Vatican City
50%
1961 Venezuela
48%
1963 Costa Rica
34%
No matching quizzes found
Score Distribution
Percent of People with Each Score
Percentile by Number Answered
Your Score History
You have not taken this quiz